[Event "Donetzk zt"]
[Site "Donetsk"]
[Date "1998.11.06"]
[Round "5"]
[White "Onischuk, Alexander"]
[Black "Sulypa, Oleksandr"]
[Result "1/2-1/2"]
[WhiteElo "2630"]
[BlackElo "2415"]
[Annotator "Gofshtein,L"]
[PlyCount "150"]
[EventDate "1998.11.02"]
[EventType "swiss"]
[EventRounds "11"]
[EventCountry "UKR"]
[SourceTitle "CBM 068"]
[Source "ChessBase"]
[SourceDate "1999.02.01"]
[SourceVersion "1"]
[SourceVersionDate "1999.02.01"]
[SourceQuality "1"]

{[%mdl 29664]} 1. e4 c5 2. Nf3 d6 3. d4 cxd4 4. Nxd4 Nf6 5. Nc3 Nc6 6. Bc4 Qb6
7. Ndb5 a6 (7... Bg4 8. f3 Bd7 9. Qe2 a6 10. Be3 Qa5 11. Nd4 b5 12. Bb3 e6 13.
O-O-O b4 14. Nb1 (14. Nd5 $5 exd5 15. exd5 Nxd4 16. Bxd4+ Kd8 $13 {Kramnik})
14... Be7 $13 {Topalov-Kramnik 1996,Dos Hermanas}) 8. Be3 Qd8 (8... Qa5 9. Nd4
Ne5 (9... Nxe4 $6 10. Qf3 f5 (10... Nxc3 $2 11. Nxc6 $18) 11. Nxc6 bxc6 12.
O-O-O d5 13. Nxd5 $1 cxd5 14. Bxd5 Rb8 15. Bc6+ Kf7 16. Bxe4 e6 17. Rd5 $1 $16
{Bednarskij-Minev,Bern 1975}) 10. Nb3 Qc7 11. Be2 e6 12. f4 Nc6 $132 {
Christiansen-Yermolinsky,USA 1997}) 9. Nd4 Ng4 (9... e6 10. Bb3 Qc7 11. f4 Be7
12. Qf3 O-O 13. O-O Nxd4 14. Bxd4 b5 15. e5 dxe5 16. fxe5 Nd7 $13 {Movsziszian
K-LernerK,1997 Germany}) 10. Nxc6 (10. O-O Nce5 11. Bb3 Nxe3 12. fxe3 e6 $132 (
12... g6 $2 $16 13. Nf3 f6 (13... Nxf3+ $2 14. Qxf3 f6 (14... Be6 $6 15. Ba4+
$18 {Velimirovic-Vukovic,Belgrade 1988}) 15. Rad1 Bd7 (15... Qa5 16. Rxd6 $1
$18) 16. e5 Bc6 (16... dxe5 17. Rxd7 Qxd7 18. Ba4 $18) 17. Qf4 Rc8 (17... fxe5
18. Qxe5 $1 $18) 18. Qc4 d5 19. exf6 exf6 20. Nxd5 Bxd5 21. Qa4+ Qd7 22. Qxd7+
Kxd7 23. Rxd5+ Ke7 24. Rfd1 $18) 14. Nxe5 fxe5 15. Bf7+ Kd7 16. Qg4+ Kc6 17.
Be6 $16)) 10... bxc6 11. Qf3 (11. Bf4 e5 12. Bg3 Be7 13. Qe2 (13. h3 Nf6 14.
O-O O-O 15. Qe2 Be6 16. Bb3 a5 17. Kh1 g6 18. Rad1 Qc8 19. Bh4 Bxb3 20. Bxf6
Bxf6 21. axb3 Be7 $11 {1-0 Gdanski,J-Groszpeter,A/Krynica POL 1998 (58)}) 13...
O-O 14. O-O Bh4 $11 (14... Qb6 15. Bb3 Kh8 16. h3 Nh6 17. Kh2 f5 18. f4 $14 {
1/2-1/2 Ginsburg,G-Shmuter,L/Ukraina-ch 1990 (47)})) (11. Bg5 h6 (11... Qb6 $6
12. Qd2 h6 (12... Qxb2 13. Rb1 Qa3 $44) 13. Bh4 Qxb2 (13... g5 14. Bg3 h5 15.
h3 Ne5 16. Bxe5 dxe5 17. O-O-O $16 {1-0 De Firmian,N-Shirazi,K/Conejo Valley
1985 (32)}) 14. Rb1 Qa3 15. Nd5 (15. Nd5 $1 $14 {Tompa-Csom,Budapest 1976})
15... cxd5 16. Bxd5 Ra7 17. Rb3 Qa4 18. Qc3 Kd8 19. Bc6 Qxa2 20. f3 Rc7 (20...
Ne3 21. Qxe3 Rc7 22. Qc3 Bb7 23. Rxb7 Rxb7 24. Bxb7 Qb1+ 25. Ke2 Qxb7 26. Ra1
Kd7 $11) 21. fxg4 Bb7 22. Rxb7 Rxb7 23. Kd2 Qb2 (23... Rc7 24. Bf2 Qe6 25. Bb6
Qc8 26. Rb1 $18) 24. Bxb7 Qxb7 25. Qd4 Kd7 $11 {1-0 Tompa,J-Csom,I/
Magyarorszag (ch) 1976/Inf 22 (40)}) 12. Bh4 Ne5 13. Bb3 g5 14. Bg3 Bg7 $132) (
11. Bd2 g6 (11... e5 12. Qe2 Be7 13. h3 Nf6 14. f4 Nd7 15. O-O-O O-O 16. Rhf1
$132 {1/2-1/2 De Firmian,N-Csom,I/Dubai olm 1986 (48)}) 12. h3 (12. O-O Bg7 13.
Qe2 O-O 14. f4 Nf6 15. e5 dxe5 16. fxe5 Qd4+ 17. Kh1 Nd5 18. Rae1 Be6 $132 {
0-1 Schlosser,M-Basin,L/Trnava 1989 (41)}) 12... Nf6 13. Bg5 Bg7 14. Qd2 (14.
O-O O-O $11) 14... O-O 15. O-O-O Qb6 (15... Be6 16. Bb3 (16. Bxe6 fxe6 17. e5
Nd5 18. exd6 Bxc3 19. bxc3 Qxd6 $19) 16... Nd7 $132) 16. Rhe1 (16. Bb3 a5 $132)
16... Rb8 17. Bb3 Be6 $132 {1-0 De Firmian,N-Polgar,Z/Bermuda ,CBM 1995 (70)})
(11. O-O Nxe3 12. fxe3 e6 13. Qf3 Ra7 14. Rad1 Qg5 15. Bb3 Rc7 16. Rd4 g6 17.
Kh1 Qe5 18. Ba4 Bg7 19. Rfd1 O-O 20. Rxd6 c5 21. Rd8 (21. Qf4 $14) 21... Bf6
22. Rxf8+ Kxf8 23. Qf4 $14 {0-1 Felsberger,A-Makarov,M/EUCup Gr1 Eupen ,EXT
1994 (44)}) (11. Qe2 Nxe3 12. Qxe3 e6 13. O-O Be7 14. Rad1 O-O 15. Ne2 Rb8 16.
b3 Qa5 $15 {0-1 Arsovic,A-Makarov,M/Belgrade "Beopromet" 1993 (49)}) 11... Ne5
12. Qe2 e6 (12... g6 13. f4 Nxc4 14. Qxc4 Bg7 15. Bd4 Bxd4 16. Qxd4 O-O 17. O-O
Rb8 18. b3 Qb6 19. Qxb6 Rxb6 20. Rad1 $11 {1/2-1/2 Todorovic,M-Vukovic,Z/
Kladovo Jugoslavia ch 1990 (60)}) 13. Bb3 (13. O-O-O Be7 (13... Nxc4 $5 14.
Qxc4 Bb7 15. f4 d5 16. Qa4 Qd7 17. f5 Bd6 18. fxe6 fxe6 19. Rhf1 O-O-O (19...
Rf8 20. Rxf8+ Bxf8 21. exd5 cxd5 22. Qh4 $16) 20. exd5 exd5 21. Bf4 Rhe8 22.
Bxd6 Qxd6 23. Qg4+ Qd7 24. Qf4 $14) 14. Bd4 (14. Bb3 $5 Qc7 (14... a5 $5 15. f4
Ba6 16. Qd2 Nd7 $132 (16... Nc4 17. Bxc4 Bxc4 18. Qd4 d5 19. Qxg7 Bf6 20. Qh6
Bxc3 21. bxc3 Qe7 22. Bd4 Qa3+ 23. Kd2 Rg8 24. Rhg1 $14)) 15. f4 Nd7 $132)
14... Qc7 15. Bxe5 dxe5 16. Na4 O-O 17. b3 (17. Rd3 Qa5 18. b3 Rb8 19. Qd2
Qxd2+ 20. Kxd2 g6 $14 {1/2-1/2 Ivanchuk,V-Kramnik,V/Linares 1998/CBM 64/
[Gofshtein,L] (74)}) 17... Bd7 18. c3 a5 19. Rxd7 Qxd7 20. Nb6 Qa7 21. Nxa8
Rxa8 22. Rd1 g6 23. a4 Rd8 24. Rxd8+ Bxd8 25. Kd1 Bb6 $11 {1/2-1/2 Macieja,
B-Ivanchuk,V/Polanica Zdroj POL 1998 (38)}) 13... Be7 14. f4 Nd7 $132 {Do you
recognize this position? Something like this we already saw in some variations.
} 15. g4 $6 (15. O-O-O {was more naturally. B change wasn't need...} O-O 16. g4
$132) 15... Bh4+ 16. Bf2 Bxf2+ 17. Qxf2 O-O 18. O-O-O d5 $11 19. g5 (19. Rhe1
Rb8 $11) 19... a5 20. Rhf1 $6 $15 (20. Rhe1 Rb8 21. h4 Qb6 $11) 20... Qb6 21.
Qf3 Nc5 (21... dxe4 22. Nxe4 a4 23. Bc4 Rb8 24. Qc3 Qb4 $11) 22. Na4 Nxa4 (
22... Nxb3+ 23. axb3 Qb4 24. Rfe1 Bb7 25. f5 dxe4 26. Qxe4 (26. Rxe4 $4 c5 $19)
26... Qxe4 27. Rxe4 exf5 28. Re7 Rab8 (28... Bc8 29. Rd6 Be6 30. Rxc6 Rfc8 31.
Rxc8+ Rxc8 32. Kd2 f4 33. c4 $14) 29. Nc5 Bc8 30. Rd6 Rb6 31. Kd2 f4 32. h4 Bf5
$11) 23. Bxa4 Rb8 24. Qc3 (24. Qb3 Qc7 25. Qc3 $15) 24... Ba6 (24... Rd8 25.
Rfe1 (25. Bxc6 $4 Ba6 $19) 25... d4 26. Qb3 c5 27. Qxb6 Rxb6 $11) 25. Rfe1 Rfd8
(25... Bb5 $5 26. Bxb5 Qxb5 $15) 26. exd5 (26. f5 d4 $1 (26... dxe4 27. fxe6
Rxd1+ 28. Rxd1 fxe6 29. Qe5 Be2 30. Re1 Bc4 31. Bxc6 (31. Rxe4 Bd5 (31... Rf8
32. b3 Rf5 33. Qg3 Bd5 34. Rf4 Qc7 35. Rxf5 Qxg3 36. hxg3 exf5 37. Kd2 Kf7 38.
Ke3 c5 39. Kf4 Be4 40. c3 Bb1 41. a3 Ke6 $11) 32. Re1 Rf8 33. Bb3 Rf5 34. Qd6
Qb4 35. Qxb4 axb4 36. Bxd5 exd5 37. h4 Kf7 $15) 31... Bxa2 32. Bxe4 Bc4 33. b3
Bb5 $132 (33... Bxb3 34. cxb3 Qxb3 35. Bc2 Qa3+ 36. Kd1 Rd8+ 37. Ke2 Qh3 38.
Qg3 Qh5+ 39. Kf1 $18)) 27. Qa3 c5 28. f6 e5 29. fxg7 c4 30. h4 Qb4 31. Qxb4
axb4 $1 (31... Rxb4 32. Bc6 (32. b3 c3 $17) 32... Kxg7 33. Bd5 $132) 32. Rf1
Bc8 33. Bc6 Be6 $17) 26... cxd5 27. Qd4 Qd6 (27... Bb5 $2 28. Bxb5 Qxd4 29.
Rxd4 Rxb5 30. a4 Rb6 31. f5 $14) 28. c3 Bc4 (28... Rdc8 29. Bc2 Rc4 30. Qe5
Qxe5 31. fxe5 Rh4 $15) 29. f5 $4 $19 (29. Kb1 $15) 29... exf5 (29... Bxa2 30.
g6 (30. f6 Rdc8 31. Bc2 Qb6 $19) 30... hxg6 31. fxg6 fxg6 $17) 30. Re5 (30. Bc2
Bxa2 31. Bxf5 Qxh2 32. Rd2 Qg3 $19) 30... Bxa2 31. Rde1 (31. Rxf5 Qxh2 32. Bc2
Rdc8 33. Rdf1 Rb7 $19) 31... Bc4 $6 (31... Qc7 $1 32. b3 (32. h4 Qb7 (32... Qc4
33. Qxc4 Bxc4 34. Rxf5 Kf8 35. Rfe5 $44) 33. R1e2 Bc4 34. Rf2 g6 35. h5 Qb6 36.
Qh4 gxh5 $1 (36... d4 37. hxg6 fxg6 38. Re7 h5 39. gxh6 $132) 37. Rh2 d4 38.
Qxh5 Qg6 $19) 32... Rdc8 33. R1e3 Rf8 $1 {[%csl Rb3,Rc1]} 34. Re7 Qb6 $19) 32.
h4 f4 $1 (32... Qc7 $2 33. Rxf5 Qb7 34. Rf2 $15) (32... h5 $2 33. Rxf5 Qb6 34.
Qxb6 Rxb6 35. Re7 $44) (32... g6 $2 33. h5 Rf8 34. hxg6 fxg6 (34... hxg6 35.
Qh4 Rfd8 36. Qh2 Qf8 37. R5e3 $16) 35. Re7 Rf7 36. Rxf7 Kxf7 37. Bd7 Qxd7 38.
Qf6+ Kg8 39. Re7 Qxe7 40. Qxe7 Rf8 $11) 33. h5 {[%csl Rg7][%cal Gd4g7,Gh5h6]} (
33. Qxf4 Qb6 34. Qd2 d4 $17) 33... f3 $4 $18 (33... h6 $1 34. Qxf4 (34. gxh6
Qxh6 35. Bc2 f3+ 36. Kb1 Qf6 $19) (34. g6 fxg6 35. Re7 Qf6 36. Qxf6 gxf6 37.
hxg6 f3 $19) 34... Qb6 35. Qd2 d4 36. gxh6 dxc3 37. h7+ Kh8 38. Qxc3 Rbc8 $19)
34. h6 (34. Bc2 Be2 35. h6 gxh6 36. gxh6 Qxh6+ 37. Kb1 Kf8 $17) 34... gxh6 35.
gxh6 Qxh6+ 36. Kb1 f6 (36... Qg7 37. Bc2 (37. Rg1 Bd3+ 38. Ka1 Bg6 $19) 37...
f2 (37... Be2 38. Rg1 $18) 38. Qxf2 Kh8 39. Qd4 $18) (36... Rdc8 37. Rg1+ Kf8
38. Reg5 Bd3+ 39. Qxd3 f2 40. Rg8+ Ke7 41. Qe2+ Qe6 42. Qxf2 Rxg8 43. Re1 $18)
37. Re7 $4 $17 (37. Rg1+ Kh8 38. Rh5 $3 {Maybe this nice move was missed by
both players?} Bd3+ (38... Qf8 39. Rxh7+ Kxh7 40. Bc2+ $18) 39. Ka1 Qf8 40.
Qxd3 $18) 37... f2 $1 (37... Bb3 38. Bxb3 Rxb3 39. Re8+ Rxe8 40. Qxd5+ Kf8 41.
Qd6+ Kg7 42. Qd7+ Kg6 43. Qxe8+ $18) 38. Qxf2 Bd3+ 39. Ka1 Be4 $2 $15 (39...
Kh8 40. Qd4 (40. Bd7 Rb7 $19) 40... Be4 $17) 40. Bd7 $1 a4 $6 $11 (40... Kh8
$142 41. Bf5 Bxf5 42. Qxf5 Rg8 (42... d4 43. Rxh7+ Qxh7 44. Qxf6+ Qg7 45. Rh1+
Kg8 46. Qe6+ Qf7 47. Qh6 Qg7 48. Qe6+ $11) 43. Qxd5 Qh2 44. R7e2 (44. R1e2 Qh4
45. R2e4 Qg5 46. Qd1 $15) 44... Qf4 45. Re4 Qg5 46. Qe6 $15) 41. Bf5 Bxf5 42.
Qxf5 Kh8 43. Rxh7+ Qxh7 44. Qxf6+ Qg7 45. Rh1+ Kg8 46. Qe6+ Qf7 47. Rh8+ Kxh8
48. Qxf7 Rd6 49. Qh5+ Kg8 50. Qg4+ Kf7 51. Qxa4 Rc8 (51... Rg8 $11) 52. Qd4 Ke7
53. Kb1 Rc4 54. Qg7+ Kd8 55. Kc2 Rd7 56. Qf8+ (56. Qe5 Re4 57. Qb8+ Ke7 $11)
56... Kc7 57. Qa8 Kd6 58. Qf8+ Ke5 59. Qe8+ Kd6 60. Qg6+ Ke5 61. Qg3+ Ke6 62.
Qe3+ Kd6 63. Qb6+ Ke5 64. b3 Rc8 65. Qe3+ Kd6 66. Qg3+ Ke6 67. Qg6+ Ke5 68.
Qg5+ Ke6 69. Kd3 Rdc7 70. Kd4 Rxc3 71. Qxd5+ Ke7 72. Qe5+ Kd7 73. b4 R3c6 74.
Qf5+ Kc7 75. Qa5+ Kb7 1/2-1/2

[Event "RUS-ch sf 58th"]
[Site "Kazan"]
[Date "2005.09.06"]
[Round "4"]
[White "Savchenko, Boris"]
[Black "Korotylev, Alexey"]
[Result "0-1"]
[WhiteElo "2534"]
[BlackElo "2604"]
[Annotator "Gofshtein,L"]
[PlyCount "75"]
[EventDate "2005.09.03"]
[EventType "swiss"]
[EventRounds "9"]
[EventCountry "RUS"]
[SourceTitle "CBM 109"]
[Source "ChessBase"]
[SourceDate "2005.11.14"]
[SourceVersion "1"]
[SourceVersionDate "2005.11.14"]
[SourceQuality "1"]

1. e4 c5 2. Nf3 Nc6 3. Nc3 d6 4. d4 cxd4 5. Nxd4 Nf6 6. Bc4 Qb6 {This way
black tries to avoid the Velimirovich attack, which arises after 6...e6 7.Be3
a6 8.Qe2} 7. Nb3 {7.Nb5 and 7.Nc6 was also met. The move in the game leads to
position with mutual chances} e6 8. Qe2 Be7 9. g4 {White immideatly starts a
pawn attack on the kingside. 9.Be3 was also met, which usually leads to a
different move order} (9. Be3 Qc7 10. f4 a6 11. O-O-O b5 12. Bd3 Bb7 13. Kb1
O-O 14. g4 Nd7 15. g5 b4 16. Na4 Na7 $1 $132 {0-1 Ilincic,Z-Kozul,Z/Kladovo
1990/CBM 017/[Boensch,U] (32)}) 9... a6 {As the analysis shows, an immdeate
activity after 9...d5 doesn't lead to a full equality} (9... d5 10. exd5 exd5
11. Bxd5 (11. Nxd5 $5 Nxd5 12. Bxd5 Qb4+ 13. c3 Qxg4 14. Qxg4 Bxg4 15. Rg1 $16)
11... Bxg4 12. f3 Nb4 13. fxg4 Nfxd5 $132 {0-1 Tobyas,M-Shmuter,L/Pardubice
1993/TD (27)}) 10. Be3 Qc7 11. f4 b5 12. Bd3 Bb7 {Black finishes the
development and prepares a counterplay in the centre} (12... h6 13. O-O-O Nd7
14. h4 Nb4 15. Kb1 Nxd3 16. Qxd3 b4 17. Ne2 a5 $132 {0-1 Afek,Y-Teplitsky,Y/
Ajka 1992/TD (41)}) 13. O-O-O Nb4 $5 {[%mdl 4] In this position black has a
few good options. First of all the advance b5-b4, secondly 13...Nb4 exchanging
the white dangerous bishop and preparing the advance d6-d5} (13... b4 $5 14.
Na4 Na5 {1-0 Huber,G-Arnett,D/Philadelphia 1992/TD (31)} (14... Nd7 15. Kb1 Na7
$5 $132 {[%cal Gb7c6,Gc6a4]})) (13... Rc8 14. Rhe1 Nb4 15. Kb1 d5 $5 16. e5 Ne4
17. Bxe4 dxe4 18. Rd2 O-O $132 {0-1 Kurochkin,V-Ozgibcev,A/Tomsk 2001/CBM 082
ext (48)}) 14. g5 (14. Kb1 O-O 15. g5 Nd7 16. Rhg1 Nxd3 17. Qxd3 (17. cxd3 b4
$36) 17... Rfd8 $132 {0-1 Shernoff,L-Castaneda,N/North Bay 1996/EXT 98 (24)})
14... Nxd3+ {This exchange favours black as white can't recapture with a pawn
in view of the threat b5-b4} 15. Qxd3 (15. cxd3 $6 b4 16. gxf6 Bxf6 17. Qc2
bxc3 18. bxc3 $17) 15... Nd7 {After the exchange of the light squared bishop
black seizes the initiative as it's much easier for him to start an attack on
the queenside than for white on the kingside} 16. Qd4 {White tries to stop
b5-b4 even though it's clearly temporary} (16. Rhg1 b4 17. Ne2 O-O $132) 16...
O-O (16... e5 17. Qd2 Rc8 18. f5 b4 19. Nd5 Bxd5 20. exd5 a5 21. Qd3 a4 22. Nd2
$13) 17. f5 $6 {[%mdl 512] White tries with the help of sacrifices to get
chances for the attack. In case of 17.h4 black would have got s good
counterplay} (17. h4 Rfc8 18. h5 Nc5 19. Nxc5 (19. Rh2 e5 20. Qd2 Nxe4 21. Nxe4
Bxe4 $17) 19... dxc5 $132) 17... exf5 18. exf5 Bxh1 19. Rxh1 {[%cal Gc3d5]}
Rfc8 {[%cal Rc6c2,Rc7c2] freeing the f8 square for the bishop and creating
threats over the c-file} 20. Qe4 Bf8 21. Bd4 {White finds it hard to get
something real. Also after 21.Nd5 as the variations show white doesn't have
enough compensation for the sacrificed exchange} (21. Nd5 Qc4 22. Qxc4 bxc4 23.
Nd2 Rab8) 21... Nc5 $5 22. Nxc5 {In case of 22.Bc5 white finds it hard to
develop the initiative} (22. Bxc5 dxc5 23. Nd5 Qd8 24. f6 c4 25. Rd1 Qe8 26.
Nd2 Qxe4 27. Nxe4 Rd8) 22... dxc5 23. Nd5 (23. Be5 Qb6 24. Re1 c4) 23... Qd6 $5
{Black leaves the queen in the centre and doesn't allow white to keep his
pieces on a dominating squares} (23... Qa5 24. Be5 Re8 25. g6) 24. Be5 Re8 25.
Re1 Qd8 {[%cal Rd8g5]} 26. Qg2 (26. Nc7 Rxe5 27. Qxe5 Bd6 28. Qe8+ Qxe8 29.
Nxe8 Bf4+ 30. Kb1 Kf8 $19) (26. f6 Bd6 $19) 26... Ra7 $17 {[%cal Ra7d7] Black
transfers his passive rook to the centre and gets a decisive edge} 27. b3 c4 $5
{[%cal Rf8a3] Opening his dark squared bishop and trying to weaken the
position of the white king} 28. g6 fxg6 (28... Rd7 $5 29. bxc4 (29. Qh3 fxg6
30. fxg6 hxg6 $19) 29... bxc4 30. gxh7+ Kh8 $19) 29. fxg6 h6 (29... Rd7) 30.
Qf2 Ba3+ (30... Rd7) 31. Kb1 Rd7 32. b4 (32. Qf5 Bd6 33. Bc3 Rxe1+ 34. Bxe1 Qe8
$19) 32... Rf8 33. Qe3 Rxd5 $19 34. Qxa3 Rd1+ 35. Rxd1 Qxd1+ 36. Kb2 Rf2 {
[%cal Rf2c2,Gd1c2]} 37. Qc3 Rf1 {[%cal Rd1a1]} 38. Qe3 (38. Qe3 Qb1+ 39. Ka3
Qxc2 40. Bc3 Qc1+ 41. Qxc1 Rxc1 $19) 0-1

[Event "Bermuda-A"]
[Site "Bermuda"]
[Date "1995.??.??"]
[Round "3"]
[White "De Firmian, Nick E"]
[Black "Polgar, Sofia"]
[Result "1-0"]
[WhiteElo "2590"]
[BlackElo "2500"]
[Annotator "Hansen,Cu"]
[PlyCount "139"]
[EventDate "1995.01.??"]
[EventType "tourn"]
[EventRounds "9"]
[EventCountry "BER"]
[EventCategory "10"]
[SourceTitle "CBM 046"]
[Source "ChessBase"]
[SourceDate "1995.06.01"]
[SourceVersion "1"]
[SourceVersionDate "1995.06.01"]
[SourceQuality "1"]

1. e4 {Hecht} c5 2. Nf3 d6 3. d4 cxd4 4. Nxd4 Nf6 5. Nc3 Nc6 6. Bc4 Qb6 7. Ndb5
a6 8. Be3 Qd8 9. Nd4 Ng4 (9... e6 {-> 6.Bc4 e6}) 10. Nxc6 bxc6 11. Bd2 g6 12.
h3 Nf6 13. Bg5 Bg7 14. Qd2 (14. O-O O-O $10) 14... O-O 15. O-O-O $13 {/\16.e5+/
-} Qb6 $6 {/\16..Nxe4 -+} (15... Be6 $5 16. Bb3 (16. Bxe6 fxe6 17. e5 Nd5 18.
exd6 Bxc3 19. bxc3 Qxd6 $17) 16... Nd7 {/\Nc5,a6-a5-a4}) 16. Rhe1 (16. Bb3 $6
a5 $132) 16... Rb8 17. Bb3 Be6 18. Na4 (18. Bh6 $2 Bxh6 19. Qxh6 Qxf2 $17)
18... Qb5 (18... Qa7 $5 {><f2} 19. Bxe6 fxe6 20. e5 $13) 19. Bh6 d5 (19... c5
20. Bxg7 Kxg7 21. e5 c4 22. exf6+ exf6 23. Nc3 Qb7 24. Kb1 cxb3 25. cxb3 $16)
20. Bxg7 Kxg7 21. exd5 (21. Qc3 {/\Nc5} dxe4 22. Rxe4 Qg5+ $15) (21. Qd4 $5 {
><c5, ><b2} dxe4 22. Bxe6 Rfd8 $1 (22... fxe6 23. Nc5 $16) 23. Qc5 Qxa4 24.
Qxe7 $16) 21... Bxd5 (21... cxd5 22. Qd4 $14 (22. g4 $14)) 22. Nc3 Qc5 23. f3
$16 {קc6} Rfd8 24. Qg5 Qb4 25. Qe5 {/\Qxe7} (25. Nxd5 $5 Rxd5 (25... cxd5 26.
Qe5 $16 {><e7 - ><b2}) 26. Rxd5 Qxe1+ (26... cxd5 27. Qe5 e6 28. g4 h6 29. h4
$18) 27. Rd1 Qe2 28. Qg3 $5 $16 {/\Re1, ><e5, <->e} (28. Qd2 $14)) 25... Bxb3
26. axb3 Rxd1+ 27. Rxd1 {<->d} Kg8 28. g4 (28. Rd4 $5 Qb7 29. g4 $16) 28... Re8
29. Kb1 (29. f4 $16) (29. h4 $16) 29... Qb8 30. Qc5 Qb7 31. h4 {/\h4-h5xg6 |^}
h5 32. gxh5 Nxh5 33. Rg1 {/\Qxh5} Kh7 (33... Ng7 $2 34. h5 $18) 34. Rg5 Nf4 (
34... Nf6 $1 {/\Kg7,Rh8 <=>} 35. Ne4 Nxe4 (35... Kg7 $5) 36. fxe4 f6 37. Rg2
Qb5 $13) 35. Qe3 Qc7 36. Re5 f6 37. Re4 Nd5 (37... e5 $4 38. Rxf4 $18) 38. Nxd5
cxd5 39. Re6 {/\Rxa6//\Rxf6} Kg7 40. Rxa6 Qh2 41. Ra4 Qe5 $1 $8 42. Qd2 (42.
Qxe5 fxe5 $13 {/\Rf8}) 42... Qf5 43. Rf4 Qh5 44. Rg4 Rc8 45. Qd3 Kf7 46. Rd4
Rc7 47. Rxd5 (47. b4 $5 $16) 47... Qxh4 48. Qd1 Rc6 49. Rd4 Qf2 50. Rd2 Qh4 51.
Rd8 Re6 $6 (51... Rd6 $16) 52. Qd5 $1 Qh5 53. b4 Qxd5 54. Rxd5 Rb6 55. b5 e5
56. c4 $18 Ke6 57. Kc2 Rd6 {? Hecht} (57... Kf5 {Hecht} 58. b4 Kf4 59. c5 Rxb5
60. c6 Rb8 61. b5 Rc8 62. Rd6 f5 63. b6 $18) (57... f5 $16 {Hecht}) 58. Rxd6+
Kxd6 59. b4 f5 60. c5+ Kd5 61. b6 Kc6 62. b5+ Kb7 63. Kd3 g5 64. Ke3 {Zugzwang}
g4 65. fxg4 fxg4 66. Ke4 Kb8 67. c6 Kc8 68. b7+ Kc7 69. b6+ Kb8 70. Ke3 1-0

[Event "Corus-B"]
[Site "Wijk aan Zee"]
[Date "2003.01.15"]
[Round "4"]
[White "Hector, Jonny"]
[Black "Zhang, Zhong"]
[Result "0-1"]
[WhiteElo "2570"]
[BlackElo "2624"]
[Annotator "Hecht,H"]
[PlyCount "122"]
[EventDate "2003.01.14"]
[EventType "tourn"]
[EventRounds "13"]
[EventCountry "NED"]
[EventCategory "13"]
[SourceTitle "CBM 093"]
[Source "ChessBase"]
[SourceDate "2003.04.01"]
[SourceVersion "1"]
[SourceVersionDate "2003.04.01"]
[SourceQuality "1"]

1. e4 c5 2. Nf3 d6 3. d4 cxd4 4. Nxd4 Nf6 5. Nc3 Nc6 6. Bc4 Qb6 7. Ndb5 a6 8.
Be3 Qa5 9. Nd4 Ne5 10. Nb3 Qc7 11. Bd3 e6 12. f4 Nc4 13. Bxc4 Qxc4 14. Qd3 Qc7
15. a4 Be7 16. a5 O-O 17. O-O Bd7 18. Bb6 Qc8 19. e5 dxe5 20. fxe5 Ng4 21. Qg3
f5 22. exf6 Nxf6 23. Rad1 Be8 24. Rfe1 Bf7 25. Bd4 Bg6 26. Rd2 Rf7 27. Qe3 Nh5
28. Bc5 Bf6 29. Qxe6 Qxe6 30. Rxe6 Nf4 31. Re1 h6 32. Nd4 Rc8 33. Bb6 Rd7 34.
g3 Nh3+ 35. Kg2 Ng5 36. h4 Nf7 37. Ne4 Bxe4+ 38. Rxe4 Nd6 39. Nf5 Nxe4 40. Rxd7
Rxc2+ 41. Kf3 Nd2+ 42. Kg4 Nc4 43. Ne7+ Kf7 44. Nc6+ Ke6 45. Rxb7 Rxb2 46. Kh5
Kd5 47. Ne7+ Ke4 48. Nc8 Kf3 49. Rc7 Rb5+ 50. Kg6 Nxa5 51. Bc5 Rb7 52. Rxb7
Nxb7 53. Bf8 Kxg3 54. h5 Kg4 55. Nb6 a5 56. Nd5 Bd4 57. Ne7 Bc5 58. Bxg7 Bxe7
59. Kxh6 Kf5 60. Kh7 Bf6 61. h6 Nd8 (61... Nd8 62. Bf8 Ne6 63. Bd6 Ng5+ 64. Kg8
Kg6 65. Kf8 Kxh6 66. Ke8 Bb2 67. Kd7 a4 {und das Matt mit Läufer + Springer
wird wohl zu schaffen sein.}) 0-1

[Event "EU-ch 2nd"]
[Site "Ohrid"]
[Date "2001.06.02"]
[Round "2"]
[White "Sokolov, Andrei"]
[Black "Petrov, Marian"]
[Result "1-0"]
[WhiteElo "2568"]
[BlackElo "2425"]
[Annotator "Hecht,H"]
[PlyCount "103"]
[EventDate "2001.06.01"]
[EventType "swiss"]
[EventRounds "13"]
[EventCountry "YUG"]
[SourceTitle "CBM 084"]
[Source "ChessBase"]
[SourceDate "2001.09.13"]
[SourceVersion "1"]
[SourceVersionDate "2001.09.13"]
[SourceQuality "1"]

1. e4 c5 2. Nf3 Nc6 3. d4 cxd4 4. Nxd4 Nf6 5. Nc3 d6 6. Bc4 Qb6 7. Nde2 e6 8.
O-O Be7 9. a3 a6 10. Ba2 O-O 11. Qd3 Re8 12. Qg3 Qc7 13. Bh6 Nh5 14. Qg4 g6 15.
f4 b5 16. f5 Ne5 17. fxg6 hxg6 18. Qh3 Rb8 19. Rf2 a5 20. b4 axb4 21. axb4 d5
22. exd5 exd5 23. Nxd5 Qd6 24. Qc3 Ng4 25. Ng3 Bf6 26. Rxf6 Ngxf6 27. Rf1 Ng4
28. Rf4 Re5 29. Nxh5 gxh5 30. Rxg4+ Bxg4 31. Bf4 Rbe8 32. h3 Bf5 33. Kh2 Be4
34. Qg3+ Kh7 35. Ne3 Qf6 36. Bxe5 Rxe5 37. Bxf7 Rg5 38. Qh4 Bxg2 39. Ng4 Qf4+
40. Kxg2 Qe4+ 41. Kg1 Qe3+ 42. Kh2 Qf4+ 43. Kg2 Rf5 44. Bd5 Qf1+ 45. Kh2 Qf4+
46. Kg2 Qd2+ 47. Kg1 Qc1+ 48. Kh2 {[#] Taktik! (Fesselung, Springergabel)}
Qxc2+ $6 (48... Qf4+ $11) 49. Bg2 Qc7+ 50. Qg3 Qe7 $2 (50... Qxg3+ 51. Kxg3 h4+
52. Kxh4 Rf4 53. Kg5 Rxb4 $11) 51. Qd3 Qg5 $4 (51... Qc7+ 52. Kg1 Qc1+ 53. Bf1
Qg5 54. Be2 Kg7 $11) 52. Qxf5+ (52. Be4 $18) (52. Qxf5+ $1 Qxf5 53. Be4 Qxe4
54. Nf6+ $18) 1-0